|
|
|
|
| LEADER |
01066nam a2200265 a 4500 |
| 001 |
1636090 |
| 008 |
130727r19981997enka b 001 0 eng d |
| 010 |
|
|
|a 96036254
|
| 020 |
|
|
|a 0521585163
|
| 020 |
|
|
|a 0521585279 (pbk.)
|
| 040 |
|
|
|a DLC
|c DLC
|d DLC
|d BD-DhAAL.
|
| 082 |
0 |
0 |
|a 324.6
|2 20
|
| 100 |
1 |
|
|a Cox, Gary W.
|
| 245 |
1 |
0 |
|a Making votes count :
|b strategic coordination in the world's electoral systems /
|c Gary W. Cox.
|
| 260 |
|
|
|a Cambridge, U.K. ;
|a New York :
|b Cambridge University Press,
|c 1997 [Reprinted 1998]
|
| 300 |
|
|
|a xiv, 340 p. :
|b ill. ;
|c 24 cm.
|
| 490 |
0 |
|
|a Political economy of institutions and decisions
|
| 504 |
|
|
|a Includes bibliographical references (p. 312-328) and indexes.
|
| 541 |
|
|
|e 00027295
|
| 650 |
|
0 |
|a Elections.
|
| 650 |
|
0 |
|a Voting.
|
| 650 |
|
0 |
|a Comparative government.
|
| 852 |
1 |
|
|a Ayesha Abed Library
|j General shelf.
|
| 999 |
|
|
|c 13750
|d 13750
|
| 952 |
|
|
|0 0
|1 0
|4 0
|6 324_600000000000000_COX
|7 0
|9 23006
|a IGS
|b IGS
|c GEN
|d 2013-07-28
|e Karim International
|g 2080.00
|l 0
|o 324.6 COX
|p 3010027295
|r 2013-07-28
|t 1
|w 0000-00-00
|y BK
|x Available
|